000 00606 a2200205 4500
001 066460
003 OSt
005 20210929101659.0
008
082 _a658.72
_bH19S
100 1 _aSourcing and supply chain management
245 1 _aSourcing and supply chain management
_cby R.M. Monczka...[et.al.]
250 _a4th ed.
260 _aNew Delhi
_bCengage Learning
_c2009
300 _a810p.
690 _aPurchasing; Industrial management;Business logistics; Industrial procurement
700 _aMonczka, R.M.
700 _aPatterson, J.L.
942 _2ddc
_cBK
999 _c511
_d511